Verejná obchodná spoločnosť

Základné znaky a pojmové vymedzenie verejnej obchodnej spoločnosti. Vznik a založenie verejnej obchodnej spoločnosti. Predmet podnikania a štatutárny orgán verejnej obchodnej spoločnosti. Práva a povinnosti spoločníkov.

Gespeichert in:
Bibliographische Detailangaben
1. Verfasser: Feketeová, Anna
Format: Buchkapitel
Sprache:Slowakisch
Schlagworte:
Tags: Tag hinzufügen
Keine Tags, Fügen Sie das erste Tag hinzu!

MARC

LEADER 00000naa a2200000 4500
001 r033102
005 20230911131751.5
041 0 |a slo 
044 |a SK 
245 1 0 |a Verejná obchodná spoločnosť  |c Anna Feketeová 
520 |a Základné znaky a pojmové vymedzenie verejnej obchodnej spoločnosti. Vznik a založenie verejnej obchodnej spoločnosti. Predmet podnikania a štatutárny orgán verejnej obchodnej spoločnosti. Práva a povinnosti spoločníkov. 
610 2 0 |a spoločnosti obchodné 
610 2 0 |a právo obchodné 
610 2 0 |a register obchodný 
610 2 0 |a imanie základné 
610 2 0 |a podnikanie 
610 2 0 |a zmluvy obchodné 
610 2 0 |a orgány štatutárne 
610 2 0 |a spoločníci 
610 2 0 |a práva majetkové 
610 2 0 |a Slovensko 
100 1 |a Feketeová, Anna